书目信息 |
| 题名: |
香港政务官阶层的构成
|
|
| 作者: | 穆迈伦 著 | |
| 分册: | ||
| 出版信息: | 上海 上海翻译出版公司 1984.11 |
|
| 页数: | 60页 | |
| 开本: | 19cm | |
| 丛书名: | 香港问题丛书 | |
| 单 册: | ||
| 中图分类: | D676.58 | |
| 科图分类: | ||
| 主题词: | 政治--中国--香港 | |
| 电子资源: | ||
| ISBN: | ||
| 000 | 00644nam0 2200229 45 | |
| 001 | 0404260836 | |
| 005 | 20050622112030.7 | |
| 010 | @dCNY0.50 | |
| 091 | @a4311.12 | |
| 100 | @a20040426d1984 km y0chiy0120 ea | |
| 101 | 0 | @achi |
| 105 | @a z 000yy | |
| 200 | 1 | @a香港政务官阶层的构成@AXiang Gang Zheng Wu Guan Jie Ceng De Gou Cheng@f穆迈伦著@FMu Mai Lun Zhu |
| 210 | @a上海@c上海翻译出版公司@d1984.11 | |
| 215 | @a60页@d19cm | |
| 225 | @a香港问题丛书 | |
| 410 | @12001 @a香港问题丛书 | |
| 606 | 0 | @a政治@x中国@x香港 |
| 690 | @aD676.58@v3 | |
| 701 | 0 | @a穆迈伦@4著 |
| 801 | @aCN@bPftUser@c20040426 | |
| 905 | @dD676.58@e12@f1@b219402 | |
| 香港政务官阶层的构成/穆迈伦著.-上海:上海翻译出版公司,1984.11 |
| 60页;19cm.-(香港问题丛书) |
| ISBN :CNY0.50 |
| ● |
| 相关链接 |
|
|
|
|
正题名:香港政务官阶层的构成
索取号:D676.58/12
 
预约/预借
| 序号 | 登录号 | 条形码 | 馆藏地/架位号 | 状态 | 备注 |
| 1 | 0219400 | 000096265 | 第一借阅区/ [索取号:D676.58/12] | 在馆 | |
| 2 | 0219401 | 000096274 | 第一借阅区/ [索取号:D676.58/12] | 在馆 | |
| 3 | 0219402 | 000096283 | 第一样本阅览室/ [索取号:D676.58/12] | 在馆 |